El ingreso y la riqueza
Saved in:
| Main Authors: | , , , , , , , , , , , , , , |
|---|---|
| Format: | Book |
| Language: | Spanish |
| Published: |
Ciudad de México
Fondo de Cultura Económica
1963
|
| Subjects: | |
| Tags: |
Add Tag
No Tags, Be the first to tag this record!
|
MARC
| LEADER | 00000nam a2200000 a 4500 | ||
|---|---|---|---|
| 001 | UCT7763 | ||
| 003 | CL-VaPUC | ||
| 008 | 970317e19630000MX |||||||||||||||||spa|d | ||
| 082 | 0 | 4 | |a 339.2 |b KUZ |2 21 |
| 100 | |a Kuznets, Simon |e author |9 414389 | ||
| 700 | 0 | |a O'Loughlin, Carleen |e author |9 378851 | |
| 700 | 0 | |a Steinthorsen, D.H |e author |9 378852 | |
| 700 | 0 | |a Balboa, Manuel |e author |9 378853 | |
| 700 | 0 | |a Kingston, Jorge |e author |9 378854 | |
| 700 | 0 | |a Loeb, Gustaaf F |e author |9 378855 | |
| 700 | 0 | |a Chenery, Hollis B |e author |9 378856 | |
| 700 | |a Goldberger, Arthur S |e author |9 408978 | ||
| 700 | 0 | |a Oomens, C. A |e author |9 378858 | |
| 700 | 0 | |a Reimer, Everett |e author |9 378859 | |
| 700 | 0 | |a Tamagna, Frank |e author |9 378860 | |
| 700 | 0 | |a Torres Ranck, Edna |e author |9 378861 | |
| 700 | 0 | |a Ruggles, Richard |e author |9 378862 | |
| 700 | 0 | |a Ruggles, Nancy |e author |9 378863 | |
| 700 | 0 | |a Ekker, H |e author |9 378864 | |
| 245 | 1 | 3 | |a El ingreso y la riqueza |
| 300 | |a 403 p | ||
| 942 | |c BK | ||
| 945 | |d 19970317 00:00:00 |a nastorga | ||
| 260 | |a Ciudad de México |b Fondo de Cultura Económica |c 1963 | ||
| 650 | 0 | |a Riqueza |9 256853 | |
| 650 | 7 | |a INGRESOS |2 CL-VaPUC |9 367979 | |
| 650 | 7 | |a TRANSACCIONES |2 CL-VaPUC |9 375998 | |
| 650 | 0 | |a Política monetaria |9 258279 | |
| 650 | 0 | |a Crecimiento económico |9 314037 | |
| 650 | 0 | |a Producción |9 263680 | |
| 650 | 0 | |a Desarrollo económico y social |9 256320 | |
| 650 | 0 | |a Ahorro |9 351157 | |
| 650 | 0 | |a Contabilidad |9 261430 | |
| 583 | |a last modification |c 19970317 00:00:00 |k Rodrigo Vera | ||
| 999 | |c 256310 |d 256308 | ||
| 952 | |0 0 |1 0 |4 0 |6 339_200000000000000_KUZ_1963 |7 0 |8 P |9 278976 |a BIBDER |b BIBDER |d 2019-11-19 |i 1810502 |o 339.2 KUZ 1963 |p 1810502 |r 2023-01-25 |w 2019-11-19 |y BK |k DER | ||